000 01659nam a22002777a 4500
001 8307
003 FISKH
005 20250908155418.0
008 250908b cb ||||| |||| 00| 0 eng d
020 _a9789996346002kh
040 _aFISKH
_bkhr
_cFISKH
_dFISKH
082 _a800
100 _aChanthorn, Thy
245 _aហង្សជាស្ដេចបក្សី :
_bSwan, the king of birds /
260 _aPhnom Penh :
_bReading Books,
_c2013.
300 _a20 pages :
_bcolor illustrations ;
_c18 x 25 cm
505 _aJ
520 _aហង្សមានឥរិយាបថល្អ និងដឹកនាំបក្សីទាំងអស់ឲ្យរស់នៅដោយសាមគ្គីភាព។ ពេលមានការជម្លោះ ឬបញ្ហាផ្សេងៗ ហង្សតែងតែដោះស្រាយដោយយុត្តិធម៌ និងប្រាជ្ញា។ ដោយសារគុណសម្បត្តិទាំងនេះ បក្សីទាំងអស់បានគោរព និងជ្រើសរើសឲ្យហង្សក្លាយជាស្ដេចបក្សី។
520 _aThe swan is a wise and kind bird who always shows good behavior and compassion toward other animals. Because of his intelligence and fairness, he is able to resolve conflicts and guide the birds to live in harmony. For these virtues, all the birds respect him and choose the swan as their king.
521 8 _a430
_bLexile estimate
521 8 _aJ
_bRaz-Plus
650 _aSwan
650 _aហង្ស
942 _2ddc
_cKHB
_n0
999 _c8307
_d8307